| 000 | 00509nam a22001577a 4500 | ||
|---|---|---|---|
| 005 | 20251218114409.0 | ||
| 008 | 251218b |||||||| |||| 00| 0 eng d | ||
| 020 | _a978-81-250-6327-8 | ||
| 100 | _aBHARADWAJ, ADITYA | ||
| 245 |
_aCONCEPTIONS _bINFERTILITY AND PTOCREATIVE TECHNOLOGIES IN INDIA |
||
| 260 |
_aNEW DELHI _bORIENT BLACKSWAN _c2016 |
||
| 300 | _aXIV, 292P. | ||
| 500 | _aINCLUDES INDEX | ||
| 650 | _a1. REPRODUCTIVE TECHNIQUES ASSISTED-PSYCHOLOGY 2. INFERTILITY -PSYCHOLOGY | ||
| 942 |
_2lcc _cBK |
||
| 999 |
_c216353 _d216353 |
||